Rush oh! : a novel /

In 1908, Mary Davidson, tasked with supporting her father's boisterous whaling crews while caring for her five brothers and sisters after the death of their mother, must navigate through sibling rivalries and an all-consuming first love for a new crew member.

Bibliographic Details
Main Author: Barrett, Shirley (Author)
Format: Book
Language:English
Published: New York : Little, Brown and Company, 2016.
Edition:First North American edition.
Subjects:

MARC

Tag First Indicator Second Indicator Subfields
LEADER 00000cam a2200000Ii 4500
001 in00003767521
005 20160429141345.0
008 160314r20162015nyua 000 1 eng d
035 |a (OCoLC)ocn944444666 
040 |a NjBwBT  |b eng  |e rda  |c OQX  |d OQX  |d IK2  |d OCLCO  |d YDXCP  |d BTCTA  |d BDX  |d LIV  |d MLY  |d PAP  |d CZA  |d OCLCQ  |d COO  |d OCLCO 
019 |a 913556770 
020 |a 9780316261548  |q (hardcover) 
020 |a 0316261548  |q (hardcover) 
024 8 |a 40025907269 
029 1 |a NZ1  |b 16306081 
029 1 |a AU@  |b 000057257203 
035 |a (OCoLC)944444666 
043 |a u-at---  |a u-at-ne 
050 1 4 |a PR9619.4.B374  |b R87 2016 
082 0 4 |a 823/.92  |2 23 
049 |a TXAM 
100 1 |a Barrett, Shirley,  |e author. 
245 1 0 |a Rush oh! :  |b a novel /  |c Shirley Barrett. 
250 |a First North American edition. 
264 1 |a New York :  |b Little, Brown and Company,  |c 2016. 
300 |a 355 pages :  |b illustrations ;  |c 22 cm 
336 |a text  |b txt  |2 rdacontent 
337 |a unmediated  |b n  |2 rdamedia 
338 |a volume  |b nc  |2 rdacarrier 
520 |a In 1908, Mary Davidson, tasked with supporting her father's boisterous whaling crews while caring for her five brothers and sisters after the death of their mother, must navigate through sibling rivalries and an all-consuming first love for a new crew member. 
650 0 |a Whaling  |z Australia  |v Fiction. 
651 0 |a New South Wales  |x History  |y 20th century  |v Fiction. 
655 7 |a Historical fiction.  |2 lcgft 
938 |a Brodart  |b BROD  |n 113344007 
938 |a Baker and Taylor  |b BTCP  |n BK0017376211 
938 |a YBP Library Services  |b YANK  |n 12517202 
947 |a A14843395600 
945 |a PromptCat  |b 605300 
946 |a stk 
994 |a 92  |b TXA 
948 |a Cataloged  |b h  |c 2016/4/29  |d c  |e AReeder 
999 f f |s 90315079-c3d7-38e8-8a95-6ccf7c49151d  |i daef8e31-82a0-3ead-9185-fefff2fdd6a5  |t 0 
952 f f |p normal  |a Texas A&M University  |b College Station  |c Sterling C. Evans Library  |d Evans: Library Stacks  |t 0  |e PR9619.4.B374 R87 2016  |h Library of Congress classification  |i unmediated -- volume  |m A14843395600 
998 f f |a PR9619.4.B374 R87 2016  |t 0  |l Evans: Library Stacks